000 00357nam a2200133Ia 4500
005 20260326100038.0
008 260326s9999||||xx |||||||||||||| ||und||
100 _aAsensio Cerver, Francisco
245 0 _aFriedensreich Hundertwasser /
_cFrancisco Asensio Cerver
260 _bKliczkowski
300 _a79 p.
650 _aARQUITECTOS AUSTRIAOS
942 _cBK
999 _c6888
_d6888